Biofeedback : (Record no. 2621)

000 -LEADER
fixed length control field nam a22 a 4500
005 - DATE AND TIME OF LATEST TRANSACTION
control field 20170517121559.0
008 - FIXED-LENGTH DATA ELEMENTS--GENERAL INFORMATION
fixed length control field 170517b1987 nyu||||| |||| 00| 0 eng d
020 ## - INTERNATIONAL STANDARD BOOK NUMBER
International Standard Book Number 0898626811
040 ## - CATALOGING SOURCE
Original cataloging agency AKMAL
082 ## - DEWEY DECIMAL CLASSIFICATION NUMBER
Classification number 615.851 SCH
090 ## - LOCALLY ASSIGNED LC-TYPE CALL NUMBER (OCLC); LOCAL CALL NUMBER (RLIN)
Classification number (OCLC) (R) ; Classification number, CALL (RLIN) (NR) 615.851
Local cutter number (OCLC) ; Book number/undivided call number, CALL (RLIN) SCH
100 1# - MAIN ENTRY--PERSONAL NAME
Personal name Schwartz, Mark S.
9 (RLIN) 5473
245 10 - TITLE STATEMENT
Title Biofeedback :
Remainder of title a practitioner's guide
Statement of responsibility, etc. author/editor, Mark S. Schwartz ; with contributions by Eric R. Fogel ... [et al.] ; foreword by Joel F. Lubar.
260 ## - PUBLICATION, DISTRIBUTION, ETC.
Place of publication, distribution, etc. New York :
Name of publisher, distributor, etc. Guilford Press
Date of publication, distribution, etc. c1987.
300 ## - PHYSICAL DESCRIPTION
Dimensions cm
700 1# - ADDED ENTRY--PERSONAL NAME
Personal name Fogel, Eric R.
9 (RLIN) 5474
852 41 - LOCATION
Location British Library
Sublocation or collection DSC
942 ## - ADDED ENTRY ELEMENTS (KOHA)
Source of classification or shelving scheme
Koha item type Book
Holdings
Withdrawn status Lost status Source of classification or shelving scheme Damaged status Not for loan Collection code Home library Current library Shelving location Date acquired Inventory number Total Checkouts Full call number Barcode Date last seen Price effective from Koha item type
          NON-FICTION AKMAL Melaka AKMAL Melaka PINJAMAN 17.05.2017 600906   615.851 SCH 201703371 17.05.2017 17.05.2017 Book
Pusat Sumber Maklumat Dato' Haji Sarmin Md Hussin, Akademi Kastam Diraja Malaysia, Melaka
Tel: 06-2331106 | Faks: 06-2313787